New passages mapping your life across time

Guardat en:
Dades bibliogràfiques
Autor principal: SHEEHY, Gail
Format: Llibre
Idioma:anglès
Publicat: Ballantine Books 1996
Etiquetes: Afegir etiqueta
Sense etiquetes, Sigues el primer a etiquetar aquest registre!

MARC

LEADER 00000nam a22000007a 4500
008 210506b ||||| |||| 00| 0 eng d
020 |a  0-345-40445-9 
100 |a SHEEHY, Gail. 
245 |a New passages  |b  mapping your life across time  |c  Gail Sheehy.  |g  xxv, 498p. 
260 |b Ballantine Books  |c 1996  |h New York  |i 681513  |l HQ1064 .U5Sh3  |m Adulthood.  |m Maturation (Psychology).  |m Socialization.   |m Middle-aged persons – Psychology  |m United states – Social conditions – 1980 –  
500 |a “It includes index” 
942 |a lcc  |c BK  |e Adekanye, I. H.  |f 06/05/2021 
952 |0 0  |1 0  |2 lcc  |4 0  |6 HQ1064 U5 S H3  |7 0  |9 2400  |a HOL  |b HOL  |c GJ  |d 2021-05-06  |l 0  |o HQ1064 .U5Sh3  |p 2021-6251  |r 2021-05-06 00:00:00  |w 2021-05-06  |y BK 
999 |c 1245  |d 1245